Edith Sitwell, fire of the mind : an anthology /

Bibliographic Details
Main Author: Sitwell, Edith, 1887-1964
Other Authors: Salter, Elizabeth, 1925-1980, Harper, Allanah, 1904-
Format: Book
Language:English
Published: New York, N.Y. : Vanguard Press, [1981?]

MARC

Tag First Indicator Second Indicator Subfields
LEADER 00000cam a2200000 a 4500
001 in00000048989
005 20151222091034.0
008 820903c1981 nyu b 00110 eng d
010 |a  81040798  
020 |a 0814908098 
035 |a (OCoLC)08748108 
035 |9 AAF3825AM 
040 |a TXA  |c TXA  |d UtOrBLW 
049 |a TXAM  |c [1654809] 
090 |a PR6037 I8  |b  A6 1981 
100 1 |a Sitwell, Edith,  |d 1887-1964. 
245 1 0 |a Edith Sitwell, fire of the mind :  |b an anthology /  |c [compiled] by Elizabeth Salter & Allanah Harper ; foreword by Sacheverell Sitwell. 
264 1 |a New York, N.Y. :  |b Vanguard Press,  |c [1981?] 
264 4 |c ©1976 
300 |a 320 pages ;  |c 25 cm. 
336 |a text  |b txt  |2 rdacontent 
337 |a unmediated  |b n  |2 rdamedia 
338 |a volume  |b nc  |2 rdacarrier 
500 |a Includes index. 
504 |a Bibliography: pages 299-314. 
700 1 |a Salter, Elizabeth,  |d 1925-1980. 
700 1 |a Harper, Allanah,  |d 1904- 
999 |a MARS 
999 f f |s dd988afd-9e1b-306f-8767-648e00ff37d2  |i 2bc828d2-011c-3f8b-b40d-66dbf2d84ae7  |t 0 
952 f f |p ric  |a Texas A&M University  |b Rellis Campus  |c Joint Library Facility  |d Remote Storage  |t 0  |e PR6037 I8 A6 1981  |h Library of Congress classification  |i unmediated -- volume  |m A14805946216 
998 f f |a PR6037 I8 A6 1981  |t 0  |l Remote Storage